000 00208nam a2200097Ia 4500
005 20251222114410.0
008 251222s1900||||xx |||||||||||||| ||spa||
082 _aDVD0120/P19
245 0 _aRéquiem
942 _cDVD
999 _c1980
_d1980